Chozjajstvennyj mechanizm obščestvennych formacij

Guardado en:
Detalles Bibliográficos
Formato: Libro
Lenguaje:ruso
Publicado: Moskva Mysl' 1986
Etiquetas: Agregar Etiqueta
Sin Etiquetas, Sea el primero en etiquetar este registro!

MARC

LEADER 00000nam a2200000 4500
001 c106156
005 20041019155136.3
041 0 |a rus 
044 |a RU 
245 1 0 |a Chozjajstvennyj mechanizm obščestvennych formacij 
264 1 |a Moskva  |b Mysl'  |c 1986 
300 |a 268 s.